Γεωγραφικές βάσεις δεδομένων και θαλάσσια βιοπικοιλότητα : η περίπτωση της Κύπρου : προπτυχιακή διπλωματική εργασία

Αποθηκεύτηκε σε:
Λεπτομέρειες βιβλιογραφικής εγγραφής
Κύριος συγγραφέας: Πατσαλίδου, Μαρία
Συγγραφή απο Οργανισμό/Αρχή: Πανεπιστήμιο Αιγαίου Σχολή Περιβάλλοντος Τμήμα Επιστημών της Θάλασσας
Άλλοι συγγραφείς: Κουτσούμπας, Δρόσος (Εισηγητής διατριβής)
Μορφή: Thesis Βιβλίο
Γλώσσα:Greek
Δημοσίευση: 2008
Θέματα:
Διαθέσιμο Online:http://hdl.handle.net/11610/7032
Ετικέτες: Προσθήκη ετικέτας
Δεν υπάρχουν, Καταχωρήστε ετικέτα πρώτοι!

MARC

LEADER 00000cam a2200000 i 4500
001 1/1794
008 090930s2008 gre d
035 |l 10105737 
040 |a GR-MY-UA  |b gre  |e aacr 
041 0 |a gre 
082 0 |a 578.77  |2 (22) 
100 1 |a Πατσαλίδου, Μαρία. 
245 1 0 |a Γεωγραφικές βάσεις δεδομένων και θαλάσσια βιοπικοιλότητα :  |b η περίπτωση της Κύπρου : προπτυχιακή διπλωματική εργασία /  |c Πατσαλίδου Μαρία ; επιβλέπων: Δρόσος Κουτσούμπας 
260 |c 2008 
300 |a 60 σ.;  |b εικ.;  |c 30 εκ. 
502 |a Πτυχιακή εργασία – Πανεπιστήμιο Αιγαίου, Λέσβος, 2008. 
504 |a Βιβλιογραφία: σ. 46-48 
650 0 0 |a Marine biological invasions  |z Cyprus. 
650 0 0 |a Marine biological diversity  |x Geographic information systems. 
650 0 0 |a Marine biological diversity  |x Databases. 
650 0 0 |a Dissertations, Academic  |z Greece. 
700 1 |4 ths  |a Κουτσούμπας, Δρόσος. 
710 2 |a Πανεπιστήμιο Αιγαίου  |b Σχολή Περιβάλλοντος  |b Τμήμα Επιστημών της Θάλασσας. 
852 |a INST  |b LESVOS  |c DIATR  |e 20090930  |h 355  |p 005100046557  |q 005100046557  |t DIE  |y 23 
852 |a INST  |b LESVOS  |c DIATR  |e 20090930  |h 356  |p 005100046558  |q 005100046558  |t DIE  |y 23 
856 |u http://hdl.handle.net/11610/7032 
901 |a BIBL1-2009-3 
909 |a Λ  |b 159407 
909 |a Λ  |b 159406 
924 |a ΠΑΤΣΑΛΙΔΟΥ  |b ΜΑΡΙΑ  |y ΛΕΣΒΟΣ  |z 2009-05 
970 |a ΤΖΑΦΕΡΗ  |b ΕΥΑΓΓΕΛΙΑ  |z 2009/09/30